| 000 | 00406nam a2200169Ia 4500 | ||
|---|---|---|---|
| 008 | 230525s9999 xx 000 0 und d | ||
| 020 | _a81-88458-007 | ||
| 082 |
_a 621.395 _bSHA |
||
| 100 | _aSanjay Sharma | ||
| 245 | 0 | _aAnalog Communication Systems | |
| 250 | _a15 | ||
| 260 |
_aNew Delhi _bKatson _c2012 |
||
| 300 | _a610p; | ||
| 500 | _aQuantity Number: 1 | ||
| 650 | _aElectronics | ||
| 942 | _cBK | ||
| 999 |
_c61087 _d61087 |
||